Say "cheese" / (Record no. 3461)

MARC details
000 -LEADER
fixed length control field 00695nam a22002417a 4500
001 - CONTROL NUMBER
control field 3461
003 - CONTROL NUMBER IDENTIFIER
control field FISKH
005 - DATE AND TIME OF LATEST TRANSACTION
control field 20240307115737.0
008 - FIXED-LENGTH DATA ELEMENTS--GENERAL INFORMATION
fixed length control field 240307b cb ||||| |||| 00| 0 eng d
040 ## - CATALOGING SOURCE
Original cataloging agency FISK
Language of cataloging eng
Transcribing agency FISK
Modifying agency FISK
050 ## - LIBRARY OF CONGRESS CALL NUMBER
Classification number PZ7.G3626
082 ## - DEWEY DECIMAL CLASSIFICATION NUMBER
Classification number 511
100 ## - MAIN ENTRY--PERSONAL NAME
Personal name Reilly Giff Patricia
Dates associated with a name 1935-2021
245 ## - TITLE STATEMENT
Title Say "cheese" /
Statement of responsibility, etc. Patricia Reilly Giff
260 ## - PUBLICATION, DISTRIBUTION, ETC.
Place of publication, distribution, etc. New York :
Name of publisher, distributor, etc. Dell Publishing,
Date of publication, distribution, etc. 1985
300 ## - PHYSICAL DESCRIPTION
Extent 79 pages :
Dimensions 20 cm
505 ## - FORMATTED CONTENTS NOTE
Formatted contents note K
520 ## - SUMMARY, ETC.
Summary, etc. At the close of the school year, Emily thinks about the fun she has had with her classmates.
521 8# - TARGET AUDIENCE NOTE
Target audience note 450
Source Lexile
700 ## - ADDED ENTRY--PERSONAL NAME
Personal name Patricia Reilly Giff
942 ## - ADDED ENTRY ELEMENTS (KOHA)
Source of classification or shelving scheme Dewey Decimal Classification
Koha item type Books
Suppress in OPAC No
Holdings
Withdrawn status Lost status Source of classification or shelving scheme Damaged status Not for loan Collection Home library Current library Shelving location Date acquired Total Checkouts Full call number Barcode Date last seen Copy number Price effective from Koha item type
    Dewey Decimal Classification     Fiction Footprints International School Library Network Toul Kork Campus Footprints International School Library Network Toul Kork Campus   03/07/2024   REI PZ7.G3626 511 2024-0277 03/07/2024 1 03/07/2024 Books